000 01681nam a2200193 i 4500
001 768714001
003 CO-MdFUSB
005 20220725162140.0
008 220725t1984 ck |||| |||| 00| 0 spa d
040 _bspa
_cCO-MdFUSB
_dCO-MdFUSB
041 _aspa
100 _aGoethe, Johann Wolfgang,
_eautor
245 _aPenas del joven Werther
_c/ Johann Wolfgang Goethe
300 _aVolumen 11, (1984) páginas 1- 90 ;
_c22 cm
520 _aEscrita en solo pocas semanas, en la primavera de 1774 se publicó la primera novela de Goethe, que rápidamente se convirtió en un éxito sensacional. Las penas del joven Werther es un libro que, incluso para las características de la época, puede ser considerado un éxito editorial. Con él, Goethe logró tocar las fibras más íntimas de la época, por lo que en poco tiempo se publicaron varias ediciones. Los lectores se compadecían del sufrimiento de Werther, cuya pasión lo hace a la vez entrañable y digno de pena. La novela epistolar también puede ser leída como una denuncia en contra de la sociedad de la época, que no daba lugar a las particularidades personales ni a las necesidades del individuo. La fuerza intrínseca de las palabras con las que Werther describe el amor a una mujer inalcanzable ha perdurado hasta nuestros días. Werther se convirtió en la mecha que abrió paso al Sturm und Drang (que en español puede traducirse como “tormenta e ímpetu”), un importante movimiento literario opuesto a la razón de la Ilustración.
653 _aLiteratura alemana
773 0 _067924
_981150
_aOveja Negra,
_o24700
_tMaestros de la literatura universal
_w(CO-MdFUSB)768714001
_z8482806718
942 _cBK
999 _c68000
_d68000